书目信息 |
| 题名: |
老年病学
|
|
| 作者: | 成蓓 , 曾尔亢 主编 | |
| 分册: | ||
| 出版信息: | 北京 科学出版社 2009 |
|
| 页数: | 344页 | |
| 开本: | 28cm | |
| 丛书名: | ||
| 单 册: | ||
| 中图分类: | R592 | |
| 科图分类: | ||
| 主题词: | 老年病学--医学院校--教材 , 老年病学 | |
| 电子资源: | ||
| ISBN: | 978-7-03-025279-1 | |
| 000 | 00971nam0 2200277 450 | |
| 001 | 012015000668 | |
| 005 | 20150914161048.12 | |
| 010 | @a978-7-03-025279-1@dCNY48.00 | |
| 100 | @a20091029d2009 em y0chiy50 ea | |
| 101 | 0 | @achi |
| 102 | @aCN@b110000 | |
| 105 | @ay z 000yy | |
| 106 | @ar | |
| 200 | 1 | @a老年病学@Alao nian bing xue@f成蓓,曾尔亢主编 |
| 205 | @a2版 | |
| 210 | @a北京@c科学出版社@d2009 | |
| 215 | @a344页@d28cm | |
| 300 | @a普通高等教育“十一五”国家级规划教材 全国高等医药院校教材 供临床、预防、基础、口腔、麻醉、影像、药学、检验、护理、法医等专业使用 | |
| 330 | @a本书系统论述了遗传学的基本概念、基本理论和基本技术,从群体水平、个体水平、细胞水平和分子水平四个层面介绍了遗传学的过去、现在和将来。 | |
| 606 | 0 | @a老年病学@x医学院校@j教材 |
| 606 | 0 | @a老年病学 |
| 690 | @aR592@v5 | |
| 701 | 0 | @a成蓓@Acheng bei@4主编 |
| 701 | 0 |
@a曾尔亢@A |
| 801 | 0 | @aCN@b碧洲教育@c20150718 |
| 905 | @a10447@f2@dR592@e130=2 | |
| 老年病学/成蓓,曾尔亢主编.-2版.-北京:科学出版社,2009 |
| 344页;28cm |
| 普通高等教育“十一五”国家级规划教材 全国高等医药院校教材 供临床、预防、基础、口腔、麻醉、影像、药学、检验、护理、法医等专业使用 |
| ISBN 978-7-03-025279-1:CNY48.00 |
| 本书系统论述了遗传学的基本概念、基本理论和基本技术,从群体水平、个体水平、细胞水平和分子水平四个层面介绍了遗传学的过去、现在和将来。 |
| ● |
| 相关链接 |
|
|
|
|
正题名:老年病学
索取号:R592/130=2
 
预约/预借
| 序号 | 登录号 | 条形码 | 馆藏地/架位号 | 状态 | 备注 |
| 1 | 0848503 | 208485030 | 第二样本阅览室/ [索取号:R592/130=2] | 在馆 | |
| 2 | 0848504 | 208485049 | 第三借阅区/ [索取号:R592/130=2] | 在馆 |